000 00554nam a22001817a 4500
005 20231114075514.0
008 231114b |||||||| |||| 00| 0 eng d
020 _a070213855 X
041 _aEnglish
082 _a345 SOU
100 _aBurchell, JM
_lEnglish
245 _aSouth African Criminal Law and Procedure /
_cJM Burchell
250 _aThird Edition
260 _aCape Town :
_bJuta and Company Ltd,
_c1997
300 _bxxxviii, 383 pages ;
_c26,5 cm.
650 _aLegal practice
_bLaw
942 _cBK
_6ALISON_BN_VRIES
999 _c606
_d606